| 000 | 00474nam a22001817a 4500 | ||
|---|---|---|---|
| 005 | 20230708093852.0 | ||
| 008 | 220824b ||||| |||| 00| 0 eng d | ||
| 020 | _a9788177587579 | ||
| 040 | _cAL | ||
| 041 | _aeng | ||
| 082 |
_223 _a574.80285 _bKRAD |
||
| 100 |
_aDan Krane E _955386 |
||
| 245 | _aFundamental Concepts of Bioinformatics | ||
| 260 |
_aNew Delhi _bPearson Education _c2003 |
||
| 300 |
_axiii,314p. _bPB _c24x17cm. |
||
| 365 | _2General | ||
| 942 |
_2ddc _cBK |
||
| 999 |
_c224476 _d224476 |
||